000 00697cam a2200265 4500
001 M2279
008 090401t1996 xxu||||| |||| 00| 0 eng d
035 _a(Sirsi) u37591
041 _aeng
050 _a331.128
090 _aRICS 1996/112ABC
110 _aRoyal Institution of Chartered Surveyors
_94900
245 2 _aA guide to job seeking and surviving redundancy.
260 _aLondon
_bRICS
_c1996
300 _a74p. ; 30cm.
350 _a0
650 _aINTERVIEWS
650 _aJOB SEEKING
650 _aRECRUITMENT
650 _aREDUNDANCY
650 _aUNEMPLOYMENT
690 _aMANAGEMENT-BUSINESS MANAGEMENT-PROFESSIONAL PRACTICE
942 _n0
948 _c04/03/1997
999 _c90504
_d90504